00388nam a2200109Ia 450000500170000000800410001710000190005824501510007726000150022830000110024365000240025420260328101514.0260328s9999||||xx |||||||||||||| ||und|| aLeonard, Annie 4aThe Story of stuff :b How our obsession with stuff is trashing the Planet, our communities, and our health and vision for Change /cAnnie Leonard bFree Press a317 p. aDISEÑO INDUSTRIAL